00415nam a2200157Ia 4500008004100000040001900041041001200060082002400072100001600096245004500112260002800157300001900185650002000204700001500224850001800239131103s9999 xx 000 0 und d aLoreto College aEnglish a425/FOWbLCBED/4700 aFowler, H G 2aA wealth of wordscH G Fowler & N Russel aLondonbMacmillanc1965 a124p. c 18cm. aEnglish grammar aRussel, N  aLCBED/425/FOW